| 000 | 00404cam a22001097a 4500 | ||
|---|---|---|---|
| 008 | 180718b1949 xxu||||| |||| 00| 0 eng d | ||
| 082 | _aXA21203x5461 In2 1949 | ||
| 245 |
_aAct no XXIV of 1949: an act to provide for the control of accomodation in certain hotels in the province of Delhi _cby Ministry Of Law |
||
| 260 |
_aDelhi _bManager Publication _c1949 |
||
| 300 | _a3p | ||
| 700 | _aIndia. Ministry Of Law | ||
| 999 |
_c416850 _d416850 |
||